01111nam a2200253 a 450000100100000000500170001000800410002702000150006804000250008324501070010826000720021530000210028749000530030850000210036150400210038250500300040370000330043370000380046671000600050483000600056495201050062495201110072999900170084000004162820201002035656.0131014s1996 sp 001 0 spa d a8481641081 aDO-SdBNPbspacBNPHU00aFilosofía Política II :bteoría del estado /cedición de Elías Díaz y Alfonso Ruiz Miguel. aMadrid :bConsejo Superior de Investigaciones Científicas,c1996. a272 p. ;c24 cm.1 aEnciclopedia Iberoaméricana de Filosofíav10 aIncluye índice aBibliografía : av. 2tTeoría del Estado1 aDíaz, Elías,eed.9192881 aRuiz Miguel, Alfonso,eed.9684112 aConsejo Superior de Investigaciones Científicas94786 0aEnciclopedia Iberoaméricana de Filosofíav10915735 001050718MOaGRbGRcCTd2013-10-14iLF1l0o p41628-10r2020-06-25w2020-06-25y1ZNo se presta 001050718MOaGRbGRcCTd2013-10-14iLF1l0o p41628-20r2020-06-25te. 2w2020-06-25y1ZNo se presta c41118d41118